000 00439nam a2200157Ia 4500
008 230917s9999||||xx |||||||||||||| ||und||
020 _cRS120
040 _e6939
_aMAIN
041 _aEnglish
082 _a320.50954 S41I
100 _aSelbourne, David, ed.
245 0 _aIn theory and in practice: Essays on the politics of Jai Prakash Narayan
260 _aDelhi
_bOxford University Press
_c1985
300 _axii, 236 p.
942 _cBK
999 _c56391
_d56391